New generation whole-life costing: property and construction decision-making under uncertainty (Record no. 105486)
[ view plain ]
| 000 -LEADER | |
|---|---|
| fixed length control field | 01973cad a2200265 4500 |
| 001 - CONTROL NUMBER | |
| control field | E133846 |
| 008 - FIXED-LENGTH DATA ELEMENTS--GENERAL INFORMATION | |
| fixed length control field | 060613n2006 000 0 eng u |
| 020 ## - INTERNATIONAL STANDARD BOOK NUMBER | |
| International Standard Book Number | 0415346576 |
| -- | 9780203624425 |
| 035 ## - SYSTEM CONTROL NUMBER | |
| System control number | (Sirsi) u133846 |
| 041 ## - LANGUAGE CODE | |
| Language code of text/sound track or separate title | eng |
| 050 ## - LIBRARY OF CONGRESS CALL NUMBER | |
| Classification number | 692.5 $2 18 |
| 100 ## - MAIN ENTRY--PERSONAL NAME | |
| Personal name | Ellingham, Ian |
| 245 ## - TITLE STATEMENT | |
| Title | New generation whole-life costing: property and construction decision-making under uncertainty |
| Medium | [electronic resource] |
| 260 ## - PUBLICATION, DISTRIBUTION, ETC. | |
| Place of publication, distribution, etc. | Abingdon |
| Name of publisher, distributor, etc. | Taylor & Francis |
| Date of publication, distribution, etc. | 2006 |
| 300 ## - PHYSICAL DESCRIPTION | |
| Extent | eBook |
| 350 ## - PRICE (NR) (BK AM CF MU VM SE) [OBSOLETE] | |
| Price | 70.00 |
| 520 ## - SUMMARY, ETC. | |
| Summary, etc. | Presents an innovative approach to decision-making and risk management for construction and real estate. It applies the options-based approach that has revolutionized the management of uncertainty in the business world. Based on government-sponsored research at Cambridge Architectural Research Ltd., the book introduces the idea of 'lifecycle options'. The desirability of whole-life costing is widely accepted, but take-up levels have been low. One problem is that traditional techniques fail to take account of future uncertainty. In contrast, the new options-based approach considers a diversity of possible futures, and favours flexible strategies that incorporate lifecycle options. This approach leads to more cost-effective and sustainable decisions, minimising the risk of under- or over-investment. This book is structured around realistic case studies that demonstrate the prevalence of lifecycle options. These case studies are backed up by presentation of basic principles and mathematical techniques allowing the book to be read either as an introduction to new concepts, or as a guide to mathematical methods. |
| 590 ## - LOCAL NOTE (RLIN) | |
| Local note | IKA010806 |
| 650 24 - SUBJECT ADDED ENTRY--TOPICAL TERM | |
| Topical term or geographic name entry element | EBOOK |
| 690 ## - LOCAL SUBJECT ADDED ENTRY--TOPICAL TERM (OCLC, RLIN) | |
| Topical term or geographic name as entry element | MANAGEMENT-BUSINESS MANAGEMENT-COST MANAGEMENT-COST ANALYSIS-WHOLE LIFE COSTING |
| 700 ## - ADDED ENTRY--PERSONAL NAME | |
| Personal name | Fawcett, William |
| 856 ## - ELECTRONIC LOCATION AND ACCESS | |
| Uniform Resource Identifier | <a href="https://www.vlebooks.com/">https://www.vlebooks.com/</a> |
| Public note | View on VLEbooks. Logins for members only from [email protected] |
| 942 ## - ADDED ENTRY ELEMENTS (KOHA) | |
| Suppress in OPAC | 0 |
| Withdrawn status | Lost status | Damaged status | Not for loan | Home library | Current library | Shelving location | Date acquired | Cost, normal purchase price | Total Checkouts | Full call number | Barcode | Date last seen | Date last checked out | Copy number | Cost, replacement price | Price effective from | Koha item type | Source of classification or shelving scheme |
|---|---|---|---|---|---|---|---|---|---|---|---|---|---|---|---|---|---|---|
| Missing from bundle | London | London | Books | 04/10/2006 | 70.00 | 14 | EBOOK | 30073331 | 06/08/2019 | 07/05/2009 | 1 | 70.00 | 06/08/2019 | Book | ||||
| Virtual | Virtual | Online | 23/11/2010 | EBOOK | 133846-3001 | 06/08/2019 | 1 | 06/08/2019 | Book | Dewey Decimal Classification |